Design of bridges (Record no. 547226)
[ view plain ]
| 000 -LEADER | |
|---|---|
| fixed length control field | 00686pam a2200217 a 4500 |
| 020 ## - INTERNATIONAL STANDARD BOOK NUMBER | |
| International Standard Book Number | 9024729327 |
| 082 00 - DEWEY DECIMAL CLASSIFICATION NUMBER | |
| Classification number | 624.25 |
| Author Mark | RAJ |
| 100 ## - MAIN ENTRY--PERSONAL NAME | |
| Personal name | Raju Krishna .N |
| 9 (RLIN) | 43234 |
| 245 10 - TITLE STATEMENT | |
| Title | Design of bridges |
| 260 ## - PUBLICATION, DISTRIBUTION, ETC. | |
| Place of publication, distribution, etc. | New Delhi ; |
| -- | India : |
| Name of publisher, distributor, etc. | Oxford & IBH ; |
| Date of publication, distribution, etc. | c1988. |
| 300 ## - PHYSICAL DESCRIPTION | |
| Extent | viii, 318 p. : |
| Other physical details | ill. ; |
| Dimensions | 25 cm. |
| 526 ## - STUDY PROGRAM INFORMATION NOTE | |
| Program name | 0 |
| Interest level | 0 |
| Reading level | 0 |
| Title point value | 624_250000000000000_RAJ |
| 526 ## - STUDY PROGRAM INFORMATION NOTE | |
| Program name | 0 |
| Interest level | 0 |
| Reading level | 0 |
| Title point value | 624_250000000000000_RAJ |
| 526 ## - STUDY PROGRAM INFORMATION NOTE | |
| Program name | 0 |
| Interest level | 0 |
| Reading level | 0 |
| Title point value | 624_250000000000000_RAJ |
| 650 #0 - SUBJECT ADDED ENTRY--TOPICAL TERM | |
| Topical term or geographic name entry element | Bridges |
| General subdivision | Design and construction |
| 9 (RLIN) | 801 |
| 650 #0 - SUBJECT ADDED ENTRY--TOPICAL TERM | |
| Topical term or geographic name entry element | MCE |
| 9 (RLIN) | 379 |
| 700 1# - ADDED ENTRY--PERSONAL NAME | |
| Personal name | Wasti, Syed Tanvir, |
| 9 (RLIN) | 43404 |
| 700 1# - ADDED ENTRY--PERSONAL NAME | |
| Personal name | Yılmaz, Çetin. |
| 9 (RLIN) | 43405 |
| 710 2# - ADDED ENTRY--CORPORATE NAME | |
| Corporate name or jurisdiction name as entry element | North Atlantic Treaty Organization. |
| 9 (RLIN) | 42905 |
| 942 ## - ADDED ENTRY ELEMENTS (KOHA) | |
| Source of classification or shelving scheme | |
| Koha item type | Book |
| Withdrawn status | Lost status | Source of classification or shelving scheme | Damaged status | Not for loan | Permanent Location | Current Location | Date acquired | Total Checkouts | Total Renewals | Full call number | Barcode | Date last seen | Date last checked out | Price effective from | Koha item type |
|---|---|---|---|---|---|---|---|---|---|---|---|---|---|---|---|
| Military College of Engineering (MCE) | Military College of Engineering (MCE) | 07/04/2014 | 2 | 2 | 624.25 RAJ | MCE-33392 | 08/17/2020 | 03/05/2020 | 07/04/2014 | Book | |||||
| Military College of Engineering (MCE) | Military College of Engineering (MCE) | 07/04/2014 | 624.25 RAJ | MCE-27596 | 07/04/2014 | 07/04/2014 | Book | ||||||||
| Military College of Engineering (MCE) | Military College of Engineering (MCE) | 07/04/2014 | 624.25 RAJ | MCE-24735 | 07/04/2014 | 07/04/2014 | Book |
